| 000 | 00451nam a2200157Ia 4500 | ||
|---|---|---|---|
| 999 |
_c5595 _d5595 |
||
| 003 | OSt | ||
| 005 | 20201118152923.0 | ||
| 008 | 190216s9999||||xx |||||||||||||| ||und|| | ||
| 040 | _coclc | ||
| 082 |
_a657 _bUNI/A |
||
| 100 |
_9635 _aUniversity, Calicut |
||
| 245 | 0 |
_aAdvanced Accounting / _cCalicut University |
|
| 260 |
_bNational Publications, _c1996. _aCalicut: |
||
| 300 | _a266p | ||
| 942 |
_cBK _2ddc _h657 _iUNI/A _k657 _mUNI/A |
||